Statistiques concernant Les personnages de Super Smash Bros. (64) en 30s

Cliquez ici pour prendre le quiz!

Statistiques générales

  • Ce quiz a été pris 57 fois
  • Le résultat moyen est 8 sur 12

Statistiques - réponses

Réponse% Correct
Mario
100%
Luigi
87%
Link
71%
Pikachu
63%
Samus
63%
Yoshi
63%
Kirby
61%
Ness
61%
Captain Falcon
58%
Donkey Kong
58%
Fox
53%
Rondoudou
50%

Distribution des résultats

Percentile par nombre de réponses

% des personnes avec chaque résultat

Votre développement - résultats

Vous n’avez pas pris ce quiz